00572nam a22001817a 450000500170000001000150001702000260003203500140005803700340007208200130010624500720011925000070019126000470019827000750024530000280032065000170034870000250036520250113100006.0 aENG-143317 a9788181912961c575.00 aEN-126849 bDelivery of Book Act Division a615.9003 aTextbook of Forensic Medicine and Toxicology/cEdited by V V Pillay a15 aNew DelhibParas Medical Publishers;c2010 a 2/25, Grd Flr, Arun House, Ansari Rd, Darya Ganj, bNew Delhie110002 a680p. c24cm.(pb)bill. aPharmacology aPillay, V V eEditor